000 00256 a2200109 4500
001 68543
040 _cAnchieta - Itaigara
240 1 0 _aUma tartaruga a mil por hora
_l
245 1 0 _aUma tartaruga a mil por hora
650 4 _aLiteratura infantil
942 _cMU
999 _c68543
_d68543